| 000 | 00973nam a22002897i 4500 | ||
|---|---|---|---|
| 999 |
_c200438128 _d56340 |
||
| 003 | TR-AnTOB | ||
| 005 | 20220523113750.0 | ||
| 008 | 200515s1954 xxu g |||| 00| 0 tur d | ||
| 040 |
_aTR-AnTOB _beng _erda _cTR-AnTOB _dTR-AnTOB |
||
| 041 | 0 | _aeng | |
| 050 | 4 |
_aQA276 _b.S73 1954 |
|
| 090 |
_aQA276 _b.S73 1954 |
||
| 245 |
_aStatistical methods in research and production : _bwith special referance to the chemical industry / _cedited by Owen L. Davies, M.Sc., Ph.D. |
||
| 250 | _aSecond edition revised | ||
| 264 |
_aLondon : _b Imperial Chemical Industries Limited , _c1954. |
||
| 300 |
_a xi, 292 pages ; _btables ; _c28 cm |
||
| 336 |
_atext _btxt _2rdacontent |
||
| 337 |
_aunmediated _bn _2rdamedia |
||
| 338 |
_avolume _bnc _2rdacarrier |
||
| 504 | _aBIB | ||
| 650 | 0 |
_9496 _aMathematical statistics |
|
| 653 | _aIndustrial statistics | ||
| 700 | 1 |
_aDavies, Owen L. _eeditor _9127862 |
|
| 942 |
_2lcc _cBK |
||